Migración e inmigrantes en la Argentina reciente: políticas y discursos de exclusión /inclusión /
Se reflexiona acerca de los discursos y las políticas de exclusión/inclusión que han desarrollado el Estado argentino y sus instituciones con relación a la inmigración y los inmigrantes en los últimos años. En la primera parte se examinan los nexos entre el neoliberalismo y las migraciones, así como...
Salvato in:
| Autore principale: | |
|---|---|
| Altri autori: | |
| Natura: | testo |
| Soggetti: | |
| Tags: |
Aggiungi Tag
Nessun Tag, puoi essere il primo ad aggiungerne!!
|
MARC
| LEADER | 00000 a a2200000 04500 | ||
|---|---|---|---|
| 001 | 41868 | ||
| 003 | |||
| 040 | |||
| 100 | |a Domenech, Eduardo E. | ||
| 245 | |a Migración e inmigrantes en la Argentina reciente: políticas y discursos de exclusión /inclusión / |c Eduardo E. Domenech, María José Magliano | ||
| 520 | |a Se reflexiona acerca de los discursos y las políticas de exclusión/inclusión que han desarrollado el Estado argentino y sus instituciones con relación a la inmigración y los inmigrantes en los últimos años. En la primera parte se examinan los nexos entre el neoliberalismo y las migraciones, así como la posición del Estado argentino respecto a las migraciones contemporáneas y los inmigrantes que revela que, a pesar de los cambios ocurridos, persisten tensiones entre los polos de exclusión e inclusión, expresadas por un lado, en el discurso multiculturalista o pluralista y en el reconocimiento de ciertos derechos, y por otro, en prácticas asimilacionistas o discriminatorias, que afectan de forma desigual a los inmigrantes. En la segunda parte del trabajo se analiza esta problemática, articulada con la diversidad cultural existente en Argentina, en el contexto específico del sistema educativo y el espacio escolar, revelando los procesos que reproducen la discriminación y la desigualdad social entre los inmigrantes y los grupos étnicos. | ||
| 590 | |a RRA/MARZO2012 | ||
| 650 | |a MIGRACION | ||
| 650 | |a MIGRANTES | ||
| 650 | |a EXCLUSION SOCIAL | ||
| 650 | |a INCLUSION SOCIAL | ||
| 650 | |a DISCURSOS | ||
| 650 | |a NEOLIBERALISMO | ||
| 650 | |a ARGENTINA | ||
| 700 | |a Magliano, María José | ||
| 773 | |g (2008), páginas 423-448 | ||
| 999 | |c 21935 |d 21935 | ||
